Alle Gemeinden Österreichs mit "M" - Statistiken

Allgemein
  • Dieses Quiz wurde 12 mal gespielt
  • Das Durchschnittsergebnis liegt bei 32 aus 129
Antwortstatistiken
Bundesland Einwohner Gemeinde % Korrekt
Salzburg 5.431 Mittersill
75%
Steiermark 8.525 Mürzzuschlag
75%
Steiermark 3.722 Mariazell
63%
Burgenland 7.431 Mattersburg
63%
Niederösterreich 5.606 Melk
63%
Niederösterreich 11.471 Mistelbach
63%
Niederösterreich 2.802 Mitterndorf an der Fischa
63%
Niederösterreich 20.570 Mödling
63%
Steiermark 3.551 Murau
63%
Niederösterreich 3.238 Mank
50%
Niederösterreich 4.132 Mannersdorf am Leithagebirge
50%
Niederösterreich 348 Mannsdorf an der Donau
50%
Oberösterreich 13.802 Marchtrenk
50%
Niederösterreich 2.799 Matzen-Raggendorf
50%
Niederösterreich 3.663 Mauerbach
50%
Niederösterreich 1.937 Maissau
38%
Kärnten 763 Mallnitz
38%
Burgenland 1.808 Mannersdorf an der Rabnitz
38%
Niederösterreich 2.991 Marchegg
38%
Niederösterreich 3.042 Maria-Anzbach
38%
Niederösterreich 900 Maria Taferl
38%
Niederösterreich 2.069 Matzendorf-Hölles
38%
Kärnten 1.011 Micheldorf
38%
Tirol 4.447 Mils
38%
Oberösterreich 3.777 Mondsee
38%
Niederösterreich 1.808 Moosbrunn
38%
Steiermark 2.198 Mooskirchen
38%
Burgenland 2.244 Mörbisch am See
38%
Steiermark 3.515 Mureck
38%
Kärnten 3.477 Magdalensberg
25%
Salzburg 3.628 Maishofen
25%
Kärnten 1.967 Malta
25%
Niederösterreich 1.728 Marbach an der Donau
25%
Niederösterreich 8.675 Maria Enzersdorf
25%
Niederösterreich 913 Maria Laach am Jauerling
25%
Steiermark 2.817 Maria Lankowitz
25%
Niederösterreich 2.184 Maria-Lanzendorf
25%
Oberösterreich 1.605 Maria Neustift
25%
Kärnten 2.590 Maria Rain
25%
Kärnten 3.846 Maria Saal
25%
Niederösterreich 2.081 Markersdorf-Haindorf
25%
Niederösterreich 893 Markgrafneusiedl
25%
Burgenland 1.847 Markt Allhau
25%
Burgenland 2.044 Marz
25%
Oberösterreich 6.740 Mattighofen
25%
Niederösterreich 3.542 Mautern an der Donau
25%
Salzburg 1.620 Mauterndorf
25%
Oberösterreich 4.890 Mauthausen
25%
Vorarlberg 2.282 Meiningen
25%
Niederösterreich 872 Meiseldorf
25%
Vorarlberg 1.292 Mellau
25%
Kärnten 1.976 Metnitz
25%
Oberösterreich 1.274 Michaelnbach
25%
Niederösterreich 893 Michelbach
25%
Niederösterreich 3.270 Michelhausen
25%
Niederösterreich 684 Miesenbach
25%
Oberösterreich 1.225 Mining
25%
Burgenland 1.558 Mischendorf
25%
Niederösterreich 481 Mitterbach am Erlaufsee
25%
Steiermark 2.100 Mitterdorf an der Raab
25%
Oberösterreich 1.720 Mitterkirchen im Machland
25%
Vorarlberg 528 Möggers
25%
Niederösterreich 598 Mönichkirchen
25%
Oberösterreich 1.051 Moosbach
25%
Oberösterreich 1.684 Moosdorf
25%
Burgenland 397 Moschendorf
25%
Niederösterreich 1.651 Muckendorf-Wipfing
25%
Niederösterreich 521 Muggendorf
25%
Salzburg 1.444 Mühlbach am Hochkönig
25%
Burgenland 397 Mühlgraben
25%
Oberösterreich 669 Mühlheim am Inn
25%
Salzburg 502 Muhr
25%
Burgenland 1.394 Müllendorf
25%
Oberösterreich 3.106 Munderfing
25%
Oberösterreich 1.827 Münzbach
25%
Oberösterreich 2.560 Münzkirchen
25%
Vorarlberg 4.057 Mäder
13%
Niederösterreich 557 Mailberg
13%
Oberösterreich 800 Manning
13%
Salzburg 2.196 Maria Alm am Steinernen Meer
13%
Oberösterreich 1.402 Maria Schmolln
13%
Burgenland 1.150 Mariasdorf
13%
Tirol 399 Mariastein
13%
Kärnten 1.606 Maria Wörth
13%
Steiermark 2.945 Markt Hartmannsdorf
13%
Burgenland 654 Markt Neuhodis
13%
Niederösterreich 1.094 Martinsberg
13%
Salzburg 3.321 Mattsee
13%
Oberösterreich 2.534 Mauerkirchen
13%
Steiermark 1.755 Mautern in Steiermark
13%
Oberösterreich 330 Mayrhof
13%
Tirol 3.875 Mayrhofen
13%
Oberösterreich 1.533 Meggenhofen
13%
Oberösterreich 2.361 Mehrnbach
13%
Steiermark 1.267 Mettersdorf am Saßbach
13%
Oberösterreich 2.353 Mettmach
13%
Steiermark 1.164 Michaelerberg-Pruggern
13%
Tirol 1.884 Mieders
13%
Tirol 3.761 Mieming
13%
Steiermark 689 Miesenbach bei Birkfeld
13%
Kärnten 3.457 Millstatt am See
13%
Tirol 596 Mils bei Imst
13%
Burgenland 1.040 Minihof-Liebau
13%
Vorarlberg 5.100 Mittelberg
13%
Steiermark 1.945 Mitterberg-St. Martin
13%
Kärnten 1.319 Mölbling
13%
Oberösterreich 3.648 Molln
13%
Burgenland 2.227 Mönchhof
13%
Niederösterreich 720 Moorbad Harbach
13%
Kärnten 4.476 Moosburg
13%
Oberösterreich 335 Mörschwang
13%
Steiermark 2.162 Mortantsch
13%
Kärnten 805 Mörtschach
13%
Tirol 1.227 Mötz
13%
Kärnten 1.010 Mühldorf (Kärnten)
13%
Niederösterreich 1.298 Mühldorf (NÖ)
13%
Steiermark 878 Mühlen
13%
Niederösterreich 2.965 Münchendorf
13%
Niederösterreich 1.642 Münichreith-Laimbach
13%
Tirol 3.350 Münster
13%
Tirol 387 Musau
13%
Tirol 2.209 Mutters
13%
Salzburg 2.396 Mariapfarr
0%
Niederösterreich 3.026 Markt Piesting
0%
Burgenland 1.221 Markt St. Martin
0%
Tirol 953 Matrei am Brenner
0%
Tirol 4.635 Matrei in Osttirol
0%
Oberösterreich 5.888 Micheldorf in Oberösterreich
0%
Burgenland 1.142 Mogersdorf
0%
Keine übereinstimmenden Quizze gefunden
Verteilung der Resultate
Anzahl Personen mit jedem Resultat
Perzentil nach korrekt beantworteten Fragen
Ihre Resultats-Entwicklung
Sie haben dieses Quiz noch nicht gespielt